00697 2200205 4500001002100000005001700021008004100038035002500079040001200104082001100116084002100127100009400148245004100242260009600283300003600379500002500415650001800440850001200458990002100470INLIS00000000001583620151229120845.0  a0010-121500000000091 aYOPDYOG a621.48 aDEP 621.48 Per P aPERTEMUAN DAN PRESENTASI ILMIAH TEKNOLOGI AKSELERATOR DAN APLIKASINYA (2012 : Yogyakarta) aProsiding pertemuan dan aplikasinya. aYogyakartabPusat Teknologi Akselerator dan Proses Bahan Badan Tenaga Nuklir Nasionalc2012 axvi, 185 hlm.b: ilus.c; 29 cm aTermasuk bibliografi aTeknik Nuklir aYOPDYOG aCB-D.112012-2509